Nghiên cứu trạng thái điện tử và phổ hấp thụ của các chấm lượng tử có hình dạng khác nhau bằng phương pháp mô phỏng : Báo cáo tổng kết đề tài Khoa học và Công nghệ cấp Trường

Khảo sát tính chất điện tử của các chấm lượng tử có 3 hình dạng khác nhau: dạng lập phương, dạng vòm, và dạng kim tự tháp.

Guardat en:
Dades bibliogràfiques
Autor principal: Nguyễn, Thành Tiên
Format: Llibre
Idioma:Undetermined
Publicat: Cần Thơ Trường Đại học Cần Thơ 2016
Matèries:
Etiquetes: Afegir etiqueta
Sense etiquetes, Sigues el primer a etiquetar aquest registre!
Thư viện lưu trữ: Trung tâm Học liệu Trường Đại học Cần Thơ
LEADER 01150nam a2200205Ia 4500
001 CTU_223308
008 210402s9999 xx 000 0 und d
082 |a 621.3815 
082 |b T305 
088 |a T2015-39 
100 |a Nguyễn, Thành Tiên 
245 0 |a Nghiên cứu trạng thái điện tử và phổ hấp thụ của các chấm lượng tử có hình dạng khác nhau bằng phương pháp mô phỏng : 
245 0 |b Báo cáo tổng kết đề tài Khoa học và Công nghệ cấp Trường 
245 0 |c Nguyễn Thành Tiên (Chủ nhiệm đề tài) ; Phạm Thị Bích Thảo, Phạm Thanh Dũng (Thành viên tham gia) 
260 |a Cần Thơ 
260 |b Trường Đại học Cần Thơ 
260 |c 2016 
520 |a Khảo sát tính chất điện tử của các chấm lượng tử có 3 hình dạng khác nhau: dạng lập phương, dạng vòm, và dạng kim tự tháp. 
650 |a Điện tử phân tử,Molecular electronics 
980 |a Trung tâm Học liệu Trường Đại học Cần Thơ